000 00687nam a2200289Ia 4500
005 20260324135607.0
008 008 260324s9999 xx 000 0 eng d
020 _a9781315196947
037 _aEBOOK
040 _aCRL
040 _beng
040 _cCRL
041 _2eng
041 _aeng
084 _qCRL
100 _aAllison Drew
_91183448
245 0 _aDiscordant Comrades
245 0 _bIdentities and Loyalties on the South African Left
260 _bTaylor and Francis
260 _c2000
365 _a
365 _b230
856 _uhttp://www.taylorfrancis.com/books/9781315196947
942 _cEBOOK
999 _c1802428
_d1802428